000 01652nam0a22003131 4500
001 rc\4586453
005 20260407133351.0
021 _aRU
_b[68-80171]
035 _a(NLR Aleph) 008659299
090 _a9051218
_c9051218
100 _a20130416d1968 |||y0rusy50 ca
101 0 _arus
102 _aRU
105 _aa z |||||
200 1 _aМетодика разработки проектов (планов) научной организации труда для предприятий подшипниковой промышленности
_fВсесоюз. науч.-исслед. конструкторско-технол. ин-т подшипниковой пром-сти "ВНИПП"
210 _aМосква
_cСпец. информ. центр подшипниковой пром-сти
_d1968
215 _a148 с.
_cчерт.
_d22
300 _aНа обороте тит. л.: разработали С.Л. Мельник, В.А. Говоров, М.Е. Казакевич и др.
320 _aБиблиогр.: с. 147
606 _aПодшипниковое производство
_xОрганизация труда
_2psbo
702 1 _aГоворов
_bВ.А.
_4570
702 1 _aКазакевич
_bМ.Е.
_4570
702 1 _aМельник
_bС.Л.
_4570
712 0 2 _aВсесоюзный научно-исследовательский конструкторско-технологический институт подшипниковой промышленности
_3RU\NLR\AUTH\889996906
_9491052
801 0 _aRU
_bNLR
_gpsbo
801 1 _aRU
_bELAR
_2rusmarc
852 _aNLR
_j68-5/5023
942 _cBOOK
980 _aNB